|
|
|
|
| LEADER |
00000nab a2200000 ar4500 |
| 001 |
vtls009006009 |
| 003 |
SK-MaSNL |
| 005 |
20260303065721.0 |
| 008 |
070710c2007 xo wr|p|||||||000 b|slo |
| 015 |
|
|
|a SNBRB2007/07
|2 snkbucl
|
| 038 |
|
|
|a SNKBUCL
|
| 040 |
|
|
|a SNKBUCL
|b slo
|c SNKBUCL
|e AACR2
|
| 041 |
|
|
|a slo
|
| 044 |
|
|
|a xo
|c SK
|
| 080 |
|
|
|a 902.2(437.6)
|2 2001
|
| 100 |
1 |
|
|a Kampf, Vladimír,
|d 1966-
|4 aut
|9 98313
|
| 245 |
1 |
0 |
|a Unikátna kostra
|b slovenskí archeológovia v meste duchov
|c Vladimír Kampf
|
| 300 |
|
|
|b Fotogr.
|
| 650 |
0 |
7 |
|a slovenskí archeológovia
|2 snkbucl
|9 804314
|
| 651 |
|
7 |
|a Perzský záliv
|2 snkbucl
|9 30832
|
| 651 |
|
7 |
|a Failaka (Kuvajt)
|2 snkbucl
|9 669980
|
| 773 |
0 |
|
|t Život
|g Roč. 57, č. 24 (2007), s. 18-20
|x 0139-6323
|
| 852 |
|
|
|a SNK
|b KIS3GCP
|
| 958 |
|
|
|a SK
|
| 999 |
|
|
|c 1752341
|d 1754271
|